Kocham Cię w różnych językach - Statystyki

Ogólne statystyki
  • Ten quiz został rozwiązany 68 razy
  • Średni wynik to 8 z 18
Statystyki odpowiedzi
Kocham Cię język % Poprawnych
I love you angielski
100%
Ich liebe dich niemiecki
90%
Te amo hiszpański
78%
Ti amo włoski
75%
Je t'aime francuski
62%
YA tebya lyublyu rosyjski
58%
Miluji tě czeski
53%
Jeg elsker deg norweski
50%
Szeretlek węgierski
45%
Jeg elsker dig duński
43%
Ľúbim ťa słowacki
42%
Ljubim te słoweński
42%
Wǒ ài nǐ chiński
37%
Seni seviyorum turecki
20%
Te iubesc rumuński
17%
Is breá liom tú irlandzki
12%
Aš tave myliu litewski
10%
'uhibuk arabski
7%
Nie znaleziono quizów pasujących do podanych kryteriów
Rozkład punktacji
Procent ludzi z każdym wynikiem
Percentyl według liczby udzielonych odpowiedzi
Twoja historia wyników
Nie rozwiązałeś tego quizu